00457 2200181 4500001002100000005001500021008004100036020002200077035001900099041000700118082000800125090001400133100002100147245003700168260002800205300002700233650001500260INLIS00000000000206520241224112452241224||||||||| | ||| |||| || |  a978-979-015-451-3 0010-1224002065 aid0 a570 a570 SYA i0 aIstamar Syamsuri00aIPA Biologi untuk SMP Kelas VIII aJakartaberlanggac2007 a192 hlm.; ilus.: 22 cm 0aIlmu Murni